000 00870nam a2200133Ia 4500
008 171212s9999 xx 000 0 und d
020 _a9780833044167
100 _aRostker, Bernard D.;Hanser, Lawrence M.;Hix, William M.;Jensen, Carl;Morral, Andrew R.
245 _cRostker, Bernard D.;Hanser, Lawrence M.;Hix, William M.;Jensen, Carl;Morral, Andrew R.
_aEvaluation of the New York City Police Department Firearm Training and Firearm-Discharge Review Process
260 _bRAND Corporation
_c2008
650 _aManagement & Organizational Behavior
650 _aPolice shootings -- New York (State) -- New York -- Evaluation; Police training -- New York (State) -- New York -- Evaluation; Firearms -- Use in crime prevention -- Study and teaching -- New York (State) -- New York -- Evaluation; New York (N.Y.). Police
856 _uwww.jstor.org/stable/10.7249/mg717nypd
999 _c352048
_d352048